Distribution of wheel loads on highway bridges / (Record no. 529471)

000 -LEADER
fixed length control field 00917cam a2200277 a 4500
001 - CONTROL NUMBER
control field 2843577
003 - CONTROL NUMBER IDENTIFIER
control field NUST
005 - DATE AND TIME OF LATEST TRANSACTION
control field 20190926130545.0
008 - FIXED-LENGTH DATA ELEMENTS--GENERAL INFORMATION
fixed length control field 850104s1984 dcu b 000 0 eng
010 ## - LIBRARY OF CONGRESS CONTROL NUMBER
LC control number 84052607
020 ## - INTERNATIONAL STANDARD BOOK NUMBER
International Standard Book Number 0309038677 (pbk.) :
Terms of availability $7.20
038 ## - RECORD CONTENT LICENSOR
Staff Name MSOHAIL
040 ## - CATALOGING SOURCE
Original cataloging agency DLC
Transcribing agency DLC
Modifying agency DLC
050 00 - LIBRARY OF CONGRESS CALL NUMBER
Classification number TG260
Item number .S318 1984
082 00 - DEWEY DECIMAL CLASSIFICATION NUMBER
Classification number 624.252
Edition number 19
100 1# - MAIN ENTRY--PERSONAL NAME
Personal name Sanders, Wallace W.
Fuller form of name (Wallace Wolfred),
Dates associated with a name 1933-
9 (RLIN) 21601
245 10 - TITLE STATEMENT
Title Distribution of wheel loads on highway bridges /
Statement of responsibility, etc. Wallace W. Sanders, Jr.
260 ## - PUBLICATION, DISTRIBUTION, ETC.
Place of publication, distribution, etc. Washington, D.C. :
Name of publisher, distributor, etc. Transportation Research Board, National Research Council,
Date of publication, distribution, etc. [1984]
300 ## - PHYSICAL DESCRIPTION
Extent 22 p. ;
Dimensions 28 cm.
440 #0 - SERIES STATEMENT/ADDED ENTRY--TITLE
Title Synthesis of highway practice ;
Volume/sequential designation 111
9 (RLIN) 21602
500 ## - GENERAL NOTE
General note "November 1984."
504 ## - BIBLIOGRAPHY, ETC. NOTE
Bibliography, etc. note Bibliography: p. 18-21.
650 #0 - SUBJECT ADDED ENTRY--TOPICAL TERM
Topical term or geographic name entry element Bridges
General subdivision Live loads.
9 (RLIN) 21499
906 ## - LOCAL DATA ELEMENT F, LDF (RLIN)
a 7
b cbc
c orignew
d 2
e ocip
f 19
g y-gencatlg
942 ## - ADDED ENTRY ELEMENTS (KOHA)
Source of classification or shelving scheme
Koha item type Book
Holdings
Withdrawn status Lost status Source of classification or shelving scheme Damaged status Not for loan Permanent Location Current Location Date acquired Total Checkouts Full call number Barcode Date last seen Price effective from Koha item type
          School of Civil and Environmental Engineering (SCEE) School of Civil and Environmental Engineering (SCEE) 09/26/2019   624.252 NIT-10924 09/26/2019 09/26/2019 Book
© 2023 Central Library, National University of Sciences and Technology. All Rights Reserved.